[Event "CAN-ch U12 Girls"]
[Site "Quebec"]
[Date "2018.07.03"]
[Round "4.98"]
[White "Qian, Jessica"]
[Black "Mellon Ruel, Clarelie"]
[Result "1-0"]
[WhiteElo "1257"]
[BlackElo "1046"]
[PlyCount "109"]
[EventDate "2018.07.02"]
[EventType "swiss"]
[EventRounds "7"]
[EventCountry "CAN"]
[SourceTitle "EXT 2022"]
[Source "ChessBase"]
[SourceDate "2021.10.06"]
[SourceVersion "1"]
[SourceVersionDate "2021.10.06"]
[SourceQuality "1"]

1. e4 g6 2. d4 Bg7 3. Nf3 d6 4. Nc3 Nf6 5. Bg5 0-0 6. e5 dxe5 7. dxe5 Qxd1+ 8. Rxd1 Re8 9. Be2 Ng4 10. Bf4 Nc6 11. Bb5 a6 12. Bxc6 bxc6 13. h3 Bh6 14. Bg3 Ne3 15. fxe3 Bxe3 16. Bf2 Bf4 17. 0-0 f6 18. exf6 exf6 19. Rfe1 Bf5 20. Nd4 Bxc2 21. Nxc2 Be5 22. Bd4 c5 23. Bxc5 Rab8 24. Ba3 c5 25. Ne4 c4 26. Nd6 Red8 27. Nxc4 Bg3 28. Rf1 f5 29. Bd6 Bxd6 30. Rxd6 Re8 31. Re1 Rec8 32. N2e3 f4 33. Nb6 Re8 34. Nd7 Rxe3 35. Rxe3 fxe3 36. Nxb8 Kf7 37. Kf1 Ke7 38. Rxa6 Kd8 39. Nc6+ Kc7 40. Nb4 e2+ 41. Kxe2 Kb7 42. a4 Kc7 43. Kd3 Kb7 44. Kc4 Kc7 45. Kb5 Kb7 46. g3 Kc7 47. Rc6+ Kd7 48. a5 Ke7 49. a6 Kf7 50. a7 Kg7 51. a8Q Kh6 52. Qf8+ Kh5 53. Rc5+ g5 54. Qf7+ Kh6 55. Rc6# 1-0